| 000 | 00551cam a22001577a 4500 | ||
|---|---|---|---|
| 008 | 180718b1968 xxu||||| |||| 00| 0 eng d | ||
| 082 | _aT392x52 M582 | ||
| 100 | _aMichaely, Michaels | ||
| 245 |
_aBalance of payments adjustment policies: Japan, Germany and the Netherlands _cby Michaels Michaely |
||
| 260 |
_aNew York _bNational Bureau of Economic Research _c1968 |
||
| 300 | _a112p. | ||
| 440 | _aNBER Occasional Paper 106 | ||
| 650 | _aBalance of trade - Netherlands | ||
| 650 | _aBalance of trade - Germany | ||
| 650 | _aBalance of trade - Japan | ||
| 999 |
_c373660 _d373660 |
||